|
|
|
|
| LEADER |
00707nam a22001931a 4500 |
| 020 |
|
|
|a 9780521759137
|c 0.00
|
| 040 |
|
|
|a SSUS - Library - Kalady
|
| 082 |
|
|
|a 363.705 61
|b SHA/E
|
| 100 |
|
|
|a Shannon Olear
|
| 245 |
|
|
|a Environmental politics: scale and power
|h [Text]
|
| 260 |
|
|
|a New York
|b Cambridge University Press
|c 2010
|
| 300 |
|
|
|a 228p.
|
| 600 |
|
|
|a Environmental Sciences
|
| 600 |
|
|
|a Environmental Policy United states
|
| 600 |
|
|
|a Social Sciences
|
| 852 |
|
|
|h 363.705 61
|i SHA/E
|p 062746
|9 2342.73
|t 0
|
| 942 |
|
|
|c BK
|
| 999 |
|
|
|c 13654
|d 13654
|
| 952 |
|
|
|0 0
|1 0
|4 0
|6 363_705000000000000_61_SHA_E
|7 0
|9 19604
|a SSUS
|b SSUS
|d 2015-01-08
|g 2342.73
|l 1
|o 363.705 61 SHA/E
|p 062746
|r 2018-08-09
|s 2018-08-02
|v 0.00
|w 2015-01-08
|y BK
|